| 000 | 01111nam a2200301 a 4500 | ||
|---|---|---|---|
| 001 | ebr10417524 | ||
| 003 | CaPaEBR | ||
| 006 | m u | ||
| 007 | cr cn||||||||| | ||
| 008 | 101216s2009 ii ad sb 001 0 eng d | ||
| 020 | _z9788171338177 | ||
| 020 | _z8171338178 | ||
| 040 |
_aCaPaEBR _cCaPaEBR |
||
| 035 | _a(OCoLC)665169910 | ||
| 050 | 1 | 4 |
_aQH581.2 _b.G87 2009eb |
| 100 | 1 | _aGupta, P. K. | |
| 245 | 1 | 0 |
_aCell and molecular biology _h[electronic resource] / _cP.K. Gupta. |
| 250 | _aRev. ed. | ||
| 260 |
_aMeerut, India : _bRastogi Publications, _c2009. |
||
| 300 |
_a940 p. : _bill. |
||
| 504 | _aIncludes bibliographical references (p. [907]-922) and indexes. | ||
| 533 |
_aElectronic reproduction. _bPalo Alto, Calif. : _cebrary, _d2011. _nAvailable via World Wide Web. _nAccess may be limited to ebrary affiliated libraries. |
||
| 650 | 0 | _aCytology. | |
| 650 | 0 | _aMolecular biology. | |
| 655 | 7 |
_aElectronic books. _2local |
|
| 710 | 2 | _aebrary, Inc. | |
| 856 | 4 | 0 |
_uhttp://site.ebrary.com/lib/rucke/Doc?id=10417524 _zAn electronic book accessible through the World Wide Web; click to view |
| 999 |
_c84592 _d84592 |
||